• 首页
  • 本馆介绍
  • 公告通知
  • 最新文献
  • 馆藏检索
  • 电子资源
  • 读者导购
  • 参考咨询
  • 我的图书馆
  • 登录
  • 详细信息显示
  • 放入我的书架
  • 预约/预借图书
  • 作者相关作品
  • 分类相关作品
  • 丛书相关作品
  • 出版社相关作品

书目信息

  • 表格格式
  • 工作单格式
  • 卡片格式
题名:
房地产开发企业会计
    
 
作者: 周龙腾 编著
分册:  
出版信息: 北京   中国宇航出版社  2010
页数: 315页
开本: 23cm
丛书名:
单 册:
中图分类: F293.33
科图分类:
主题词: 房地产业--会计 , 房地产业 , 会计
电子资源:
ISBN: 978-7-80218-691-0
000 00815nam0 2200253 45
001 1138494672
005 20110419092414.50
010    @a978-7-80218-691-0@dCNY42.00
100    @a20110408e2010 em y0chiy50 ea
101 0  @achi
102    @aCN@b110000
105    @ay z 000yy
106    @ar
200 1  @a房地产开发企业会计@AFang Di Chan Kai Fa Qi Ye Kuai Ji@f周龙腾编著@FZhou Long Teng Bian Zhu
210    @a北京@c中国宇航出版社@d2010
215    @a315页@d23cm
330    @a本书涵盖了房地产开发企业的全部日常经营业务,囊括了会计核算的各种情况,严格依据《企业会计准则》的要求解决各种实务问题。
606 0  @a房地产业@x会计
606 0  @a房地产业
606 0  @a会计
690    @aF293.33@v4
701  0 @a周龙腾@AZhou Long Teng@4编著
801  0 @aCN@bTANGWEI@c20110419
905    @b0536241-45@dF293.33@e920@f5
    
    房地产开发企业会计/周龙腾编著.-北京:中国宇航出版社,2010
    315页;23cm
    
    
    ISBN 978-7-80218-691-0:CNY42.00
    本书涵盖了房地产开发企业的全部日常经营业务,囊括了会计核算的各种情况,严格依据《企业会计准则》的要求解决各种实务问题。
●
相关链接 在E读中查询图书 在五车中查询图书 在当当中查询图书 在豆瓣中查询图书


正题名:房地产开发企业会计     索取号:F293.33/920         预约/预借

序号 登录号 条形码 馆藏地/架位号 状态 备注
1 0536241   205362418   第一样本阅览室/ [索取号:F293.33/920] 在馆    
2 0536242   205362427   第一借阅区/ [索取号:F293.33/920] 在馆    
3 0536243   205362436   第一借阅区/ [索取号:F293.33/920] 在馆    
4 0536244   205362445   第一借阅区/ [索取号:F293.33/920] 在馆    
5 0536245   205362454   第一借阅区/ [索取号:F293.33/920] 在馆    
唐山师范学院图书馆 欢迎您!
大连网信软件有限公司© 版权所有